000 00939cam a22002777a 4500
003 CHAP
005 20220329135225.0
008 971013s1911 r 00010 d
010 _a32910
011 _a33882
035 _a37998
040 _cCHAP
090 _aFolleto 6249
100 0 0 _aLópez y Parra, Rodrigo.
_968431
245 1 3 _aLa vainilla
_b: su cultivo y beneficio en la República Mexicana y en el extranjero, y algunas consideraciones sobre el perfeccionamiento de este rico producto agrícola
260 _aMéxico :
_bSecretaría de Fomento,
_c1911
300 _a78 p.
_b: ilus.
590 _aBATCH-UPD
_b10
_c20130110
_lUCH01
_h1815
590 _aBATCH-UPD
_b10
_c20130410
_lUCH01
_h1149
590 _aBATCH-UPD
_b10
_c20130914
_lUCH01
_h1933
590 _aCONVERSION
_b10
_c20130109
_lUCH01
_h1319
650 1 4 _aVainilla.
_9117192
901 _aBK
942 _cFOLL
949 _aFolleto 6249
_bBC
_cBPP
_d-87017
_eBPP
_i37998
_si
999 _c32910
_d32910